| 000 | 00915nam a2200277Ia 4500 | ||
|---|---|---|---|
| 003 | GCL | ||
| 005 | 20240530110145.0 | ||
| 008 | 140319s9999 xx 000 0 ara d | ||
| 020 | _a4051215977 | ||
| 040 |
_aGCL / _cGCL |
||
| 082 | 0 | 4 |
_a301.364 _bا إ |
| 100 | 1 | _aالسيد الحسين | |
| 245 | 1 | 0 |
_aالاسكان والتنمية الحضرية : _bدراسة للاحياء الفقيرة فى مدينة القاهرة / _cالسيد الحسين |
| 260 |
_aالقاهرة : _bمكتبة غريب ، _c1991 |
||
| 300 |
_a149 ص ؛ _c24 سم |
||
| 650 | 0 | 4 | _aالاسكان |
| 650 | 0 | 4 | _aالسكان |
| 650 | 0 | 4 | _aالمساكن |
| 650 | 0 | 4 | _aتخطيط المدن |
| 650 | 0 | 4 | _aالاحياء السكنية |
| 650 | 0 | 4 | _aالمبانى العامة |
| 650 | 0 | 4 | _aالقاهرة |
| 650 | 0 | 4 | _aالمبانى المتنقلة |
| 650 | 0 | 4 | _aالمساكن الشعبية |
| 942 |
_2ddc _cBK |
||
| 999 |
_c59034 _d59034 |
||